| 000 | 01004nam a2200265Ia 4500 | ||
|---|---|---|---|
| 003 | OSt | ||
| 005 | 20221005111100.0 | ||
| 006 | a|||||r|||| 00| 0 | ||
| 007 | ta | ||
| 008 | 221004b |||||||| |||| 00| 0 hin d | ||
| 020 |
_a9788171193465 (hbk) _c200 |
||
| 024 | _a20579 | ||
| 037 |
_bSP/3820, 25/03/2015, Star Publications Pvt. Ltd. _cTextual |
||
| 040 |
_aCRL _cCRL _bhin |
||
| 041 |
_2hin _ahin |
||
| 082 | _aO152,3:g, N5;Q0 | ||
| 100 | _aचौधरी, सुरेंद्र | ||
| 245 | 0 | _aहिन्दी कहानी प्रक्रिया और पाठ | |
| 246 | _aHindī kahānī prakriyā aur pāṭha | ||
| 260 |
_aनई दिल्ली _bराधाकृष्ण भारत _c2010 |
||
| 300 |
_a164पृ0 _ccm. |
||
| 650 | _aहिन्दी साहित्य | ||
| 942 |
_hO152,3:g, N5;Q0 _cTEXL _2cc |
||
| 999 |
_c1020759 _d1020759 |
||